000 00781nam a2200205 i 4500
001 162341
003 ES-MaACL
005 20260322063013.0
008 990714q18751900xxk |||| | eng d
040 _aCCPB | B
_bspa
_cCCPB | B
100 1 _aPoe, Edgar Allan,
_d1809-1849
_9188384
245 1 0 _aTales of Mystery, Imagination, and Humour /
_cby Edgar Allan Poe ; illustrated with twenty-seven engravings on wood.
260 _aLondon :
_bWard, Lock and Tyler,
_c[s.a.] (
_fWoodfall and Kinder, printers)
300 _a[4], 395 p. :
_bil. ;
_c17 cm.
596 _aProbablemente impreso a finales del S. XIX.
599 _aLas il. son grab. intercalados en el texto.
852 _aES-MaACL
_jC-3514
_z-- Enc. tela grabada
942 _2udc
999 _c162341
_d162341